| 000 | 00827nam a2200265Ia 4500 | ||
|---|---|---|---|
| 003 | OSt | ||
| 005 | 20221005092424.0 | ||
| 006 | a|||||r|||| 00| 0 | ||
| 007 | ta | ||
| 008 | 221004b |||||||| |||| 00| 0 eng d | ||
| 020 |
_a0415396004 (hbk) _c4295 |
||
| 024 | _a95520 | ||
| 037 |
_b104, 23/03/2009, Standard Book House _cTextual |
||
| 040 |
_aCRL _cCRL _beng |
||
| 041 |
_2eng _aeng |
||
| 082 | _aX:9F5, P8 | ||
| 100 |
_aColes Anne Ed. _9147989 |
||
| 245 | 0 | _aGender and family among transnational professionals | |
| 260 |
_aNew York _bRoutledge USA _c2008 |
||
| 300 |
_axii,243p. _ccm. |
||
| 650 | _aECONOMICS | ||
| 700 |
_a Fechter Anne-Meike Ed. _9617289 |
||
| 942 |
_hX:9F5, P8 _cTEXL _2cc |
||
| 999 |
_c998816 _d998816 |
||